[Event "Baden-Baden op"]
[Site "Baden-Baden"]
[Date "2024.02.13"]
[Round "9"]
[White "Kuraszkiewicz, Michael"]
[Black "Steinhauer, Artur"]
[Result "1/2-1/2"]
[WhiteElo "2275"]
[BlackElo "2003"]
[PlyCount "78"]
[EventDate "2024.02.09"]
[EventType "swiss"]
[EventRounds "9"]
[EventCountry "GER"]
[SourceTitle "CB08_2024"]
[SourceDate "2024.02.21"]
[SourceVersion "1"]
[SourceVersionDate "2024.02.21"]
[SourceQuality "1"]

1. d4 d5 2. c4 c6 3. Nf3 Nf6 4. e3 e6 5. b3 Ne4 6. Bd3 Bb4+ 7. Nbd2 Nd7 8. 0-0 f5 9. a3 Bd6 10. Bb2 Qf6 11. b4 g5 12. Bxe4 fxe4 13. Ne5 0-0 14. f3 Nxe5 15. fxe4 Qg7 16. Rxf8+ Bxf8 17. dxe5 dxc4 18. Nxc4 Bd7 19. Qg4 b5 20. Na5 c5 21. bxc5 Bxc5 22. Bd4 Be7 23. Nb3 a5 24. Nc5 Bc8 25. Rc1 Qg6 26. a4 b4 27. Nb3 Bd7 28. Rc7 Bxa4 29. Nxa5 Bd8 30. Nc6 Kh8 31. Nxd8 Rxd8 32. h3 Rd7 33. Rc8+ Kg7 34. Bc5 Rf7 35. Bxb4 Bb5 36. Rd8 h5 37. Qg3 Bc6 38. h4 g4 39. Rd4 Bxe4 1/2-1/2

[Event "Baden-Baden op"]
[Site "Baden-Baden"]
[Date "2024.02.13"]
[Round "8"]
[White "Scholz, Florian"]
[Black "Kuraszkiewicz, Michael"]
[Result "1/2-1/2"]
[WhiteElo "1859"]
[BlackElo "2275"]
[PlyCount "113"]
[EventDate "2024.02.09"]
[EventType "swiss"]
[EventRounds "9"]
[EventCountry "GER"]
[SourceTitle "CB08_2024"]
[SourceDate "2024.02.21"]
[SourceVersion "1"]
[SourceVersionDate "2024.02.21"]
[SourceQuality "1"]

1. d4 Nf6 2. c4 c5 3. e3 e6 4. Nf3 d5 5. Nc3 Nc6 6. cxd5 exd5 7. Be2 a6 8. 0-0 c4 9. Ne5 Qc7 10. Bf3 Be6 11. Nxc6 Qxc6 12. Qc2 Bb4 13. Qa4 Qxa4 14. Nxa4 Ne4 15. Nb6 Rd8 16. Nxc4 Ng5 17. Bd2 Nxf3+ 18. gxf3 Be7 19. Ne5 Bf5 20. Ba5 Rc8 21. f4 f6 22. Nf3 Kd7 23. Rac1 Bd6 24. Nd2 Bc2 25. Bc3 Bf5 26. f3 b6 27. Nb1 h6 28. Bd2 Bxb1 29. Rxb1 g5 30. f5 g4 31. Bc3 Rhg8 32. Kh1 h5 33. e4 g3 34. hxg3 Rxg3 35. Rg1 Rxf3 36. e5 fxe5 37. dxe5 Bc5 38. Rg7+ Kc6 39. Rc1 Kb5 40. f6 Bb4 41. Kg2 Rf5 42. a4+ Kxa4 43. Ra1+ Kb5 44. Bxb4 Kxb4 45. Rxa6 Rxe5 46. Rxb6+ Kc5 47. Rb3 Rf8 48. Rf3 Re2+ 49. Kg3 Rxb2 50. Rg5 Rb6 51. Rgf5 Kc4 52. Kh4 d4 53. Kxh5 d3 54. Kg6 Rbxf6+ 55. Rxf6 Rxf6+ 56. Kxf6 d2 57. Rf1 1/2-1/2

[Event "Baden-Baden op"]
[Site "Baden-Baden"]
[Date "2024.02.12"]
[Round "7"]
[White "Kuraszkiewicz, Michael"]
[Black "Metzinger, Hannes"]
[Result "1/2-1/2"]
[WhiteElo "2275"]
[BlackElo "2002"]
[PlyCount "76"]
[EventDate "2024.02.09"]
[EventType "swiss"]
[EventRounds "9"]
[EventCountry "GER"]
[SourceTitle "CB08_2024"]
[SourceDate "2024.02.21"]
[SourceVersion "1"]
[SourceVersionDate "2024.02.21"]
[SourceQuality "1"]

1. d4 Nf6 2. c4 g6 3. g3 Bg7 4. Bg2 0-0 5. Nc3 d6 6. Nf3 c5 7. d5 e6 8. 0-0 Re8 9. h3 exd5 10. cxd5 a6 11. a4 Nbd7 12. Bf4 Qe7 13. Re1 Nh5 14. Bg5 Qf8 15. Qb3 h6 16. Bd2 Rb8 17. e4 Ne5 18. Nxe5 Bxe5 19. Kh2 Bd4 20. Rf1 b5 21. axb5 axb5 22. f4 Nf6 23. Qc2 Nh7 24. Ne2 Bg7 25. Ra7 Re7 26. Rfa1 Rxa7 27. Rxa7 b4 28. e5 dxe5 29. fxe5 Bxe5 30. Be4 Ng5 31. Bxg6 fxg6 32. Qxg6+ Bg7 33. Bf4 Bb7 34. h4 Nf3+ 35. Kh3 Bxd5 36. Rxg7+ Qxg7 37. Qxg7+ Kxg7 38. Bxb8 c4 1/2-1/2

[Event "Oberliga Ost-A 2122"]
[Site "Germany"]
[Date "2022.05.01"]
[Round "3.3"]
[White "Kuraszkiewicz, Michael"]
[Black "Schultz, Andreas"]
[Result "0-1"]
[WhiteElo "2275"]
[BlackElo "2182"]
[PlyCount "68"]
[EventDate "2021.10.10"]
[EventType "team-tourn"]
[EventRounds "11"]
[EventCountry "GER"]
[SourceTitle "EXT 2023"]
[Source "ChessBase"]
[SourceDate "2022.10.05"]
[SourceVersion "1"]
[SourceVersionDate "2022.10.05"]
[SourceQuality "1"]
[WhiteTeam "Plauen Koenig"]
[BlackTeam "Leipzig SG II"]
[WhiteTeamCountry "GER"]
[BlackTeamCountry "GER"]

1. e4 e6 2. d4 d5 3. e5 c5 4. c3 Nc6 5. Nf3 Bd7 6. Be2 Nge7 7. 0-0 Ng6 8. g3 cxd4 9. cxd4 Be7 10. h4 0-0 11. h5 Nh8 12. Nbd2 f6 13. Nb3 fxe5 14. Nxe5 Nxe5 15. dxe5 Nf7 16. f4 Qb6+ 17. Kh1 Bb5 18. Bxb5 Qxb5 19. Be3 Qd7 20. Qe2 Rfc8 21. Bd4 a5 22. f5 Rc4 23. f6 Bf8 24. Rf4 gxf6 25. Qg4+ Kh8 26. exf6 Bh6 27. Raf1 Rg8 28. Qh3 Bxf4 29. Rxf4 Qc8 30. Bc3 b6 31. Nd2 Rxf4 32. gxf4 d4 33. Bxd4 Qc1+ 34. Nf1 Qxf4 0-1

[Event "Oberliga Ost-A 1920"]
[Site "Germany"]
[Date "2020.03.01"]
[Round "9.2"]
[White "Koenig, Marco"]
[Black "Kuraszkiewicz, Michael"]
[Result "1/2-1/2"]
[WhiteElo "2091"]
[BlackElo "2268"]
[PlyCount "41"]
[EventDate "2019.09.29"]
[EventType "team-tourn"]
[EventRounds "11"]
[EventCountry "GER"]
[SourceTitle "EXT 2023"]
[Source "ChessBase"]
[SourceDate "2022.10.05"]
[SourceVersion "1"]
[SourceVersionDate "2022.10.05"]
[SourceQuality "1"]
[WhiteTeam "Magdeburg Aufbau Elbe II"]
[BlackTeam "Plauen Koenig"]
[WhiteTeamCountry "GER"]
[BlackTeamCountry "GER"]

1. e4 e5 2. Nf3 Nc6 3. d4 exd4 4. Nxd4 Nf6 5. Nxc6 bxc6 6. e5 Qe7 7. Qe2 Nd5 8. c4 Nb6 9. Nc3 a5 10. Qe4 Ba6 11. Bd3 Qb4 12. a3 Qb3 13. 0-0 Nxc4 14. Bc2 Qb7 15. b3 Nxa3 16. Bxa3 Bxa3 17. Rxa3 Bxf1 18. Kxf1 Qb6 19. b4 h6 20. g3 Ke7 21. bxa5 1/2-1/2

[Event "Oberliga Ost-A 1920"]
[Site "Germany"]
[Date "2019.12.07"]
[Round "4.3"]
[White "Mertens, Fridolin"]
[Black "Kuraszkiewicz, Michael"]
[Result "1-0"]
[WhiteElo "2142"]
[BlackElo "2268"]
[PlyCount "85"]
[EventDate "2019.09.29"]
[EventType "team-tourn"]
[EventRounds "11"]
[EventCountry "GER"]
[SourceTitle "EXT 2021"]
[Source "ChessBase"]
[SourceDate "2020.10.23"]
[SourceVersion "1"]
[SourceVersionDate "2020.10.23"]
[SourceQuality "1"]
[WhiteTeam "Loeberitz"]
[BlackTeam "Plauen Koenig"]
[WhiteTeamCountry "GER"]
[BlackTeamCountry "GER"]

1. e4 e5 2. Nf3 Nc6 3. Bc4 Nf6 4. d3 Be7 5. 0-0 d6 6. a4 0-0 7. Re1 Na5 8. Ba2 c5 9. c3 Nc6 10. h3 h6 11. Bd2 Nh7 12. b4 cxb4 13. cxb4 Ng5 14. Bc3 Nxf3+ 15. Qxf3 Kh8 16. b5 Nd4 17. Bxd4 exd4 18. Bd5 f5 19. Nd2 Rb8 20. Qe2 Bf6 21. Qh5 Qe8 22. Qxe8 Rxe8 23. Rac1 Rf8 24. Rc7 Bd8 25. Rc4 a6 26. Nf3 axb5 27. axb5 Ba5 28. Rb1 fxe4 29. Bxe4 Bb6 30. Nh4 Re8 31. Ng6+ Kg8 32. Nf4 Bc5 33. Rc2 Ra8 34. Re2 Rd8 35. Bd5+ Kh7 36. Re7 Bf5 37. Rxb7 Ra3 38. Bc4 Rc3 39. Rd1 Rd7 40. Rb8 Rxc4 41. dxc4 Bc2 42. Rd2 Bb3 43. Ne6 1-0

[Event "Oberliga Ost-A 1920"]
[Site "Germany"]
[Date "2019.11.17"]
[Round "3.2"]
[White "Kuraszkiewicz, Michael"]
[Black "Hartge, Gedeon"]
[Result "1-0"]
[WhiteElo "2268"]
[BlackElo "2229"]
[PlyCount "117"]
[EventDate "2019.09.29"]
[EventType "team-tourn"]
[EventRounds "11"]
[EventCountry "GER"]
[SourceTitle "EXT 2021"]
[Source "ChessBase"]
[SourceDate "2020.10.23"]
[SourceVersion "1"]
[SourceVersionDate "2020.10.23"]
[SourceQuality "1"]
[WhiteTeam "Plauen Koenig"]
[BlackTeam "Halle USV"]
[WhiteTeamCountry "GER"]
[BlackTeamCountry "GER"]

1. d4 Nf6 2. c4 c5 3. d5 b5 4. cxb5 a6 5. bxa6 g6 6. Nc3 Bg7 7. e4 0-0 8. a7 Rxa7 9. Nf3 e6 10. Be2 exd5 11. exd5 d6 12. 0-0 Na6 13. Nb5 Rd7 14. Bc4 Bb7 15. Bg5 Qa8 16. Bxf6 Bxf6 17. Qd2 Nc7 18. Nxc7 Rxc7 19. Rac1 Re7 20. b3 Ba6 21. Bxa6 Qxa6 22. Rfe1 Rfe8 23. Rxe7 Rxe7 24. Re1 Rxe1+ 25. Nxe1 Bd4 26. Nf3 Qa8 27. Nxd4 cxd4 28. Qxd4 Qxa2 29. Qd1 Qb2 30. g3 h5 31. Qd3 h4 32. gxh4 Qf6 33. Qc4 Kh7 34. Kg2 Kg7 35. b4 Qe5 36. b5 Qb2 37. Qf4 Qxb5 38. Qxd6 Qc4 39. Qe5+ Kh7 40. h5 Qg4+ 41. Qg3 Qd4 42. hxg6+ fxg6 43. Qg5 Qe4+ 44. Kg3 Qd3+ 45. f3 Qd1 46. Qe7+ Kh6 47. Qe5 Qg1+ 48. Kh3 Qf1+ 49. Kg4 Qg1+ 50. Qg3 Qb1 51. Qf4+ Kg7 52. Qe5+ Kh7 53. Kg5 Qg1+ 54. Kf6 Kh6 55. d6 g5 56. f4 gxf4 57. Qxf4+ Kh5 58. Qf3+ Kh4 59. Qg3+ 1-0

[Event "Oberliga Ost-A 1920"]
[Site "Germany"]
[Date "2019.11.16"]
[Round "2.2"]
[White "Engelmann, Jakob"]
[Black "Kuraszkiewicz, Michael"]
[Result "1-0"]
[WhiteElo "2278"]
[BlackElo "2268"]
[PlyCount "69"]
[EventDate "2019.09.29"]
[EventType "team-tourn"]
[EventRounds "11"]
[EventCountry "GER"]
[SourceTitle "EXT 2021"]
[Source "ChessBase"]
[SourceDate "2020.10.23"]
[SourceVersion "1"]
[SourceVersionDate "2020.10.23"]
[SourceQuality "1"]
[WhiteTeam "Sangerhausen"]
[BlackTeam "Plauen Koenig"]
[WhiteTeamCountry "GER"]
[BlackTeamCountry "GER"]

1. d4 d5 2. c4 e6 3. Nc3 Bb4 4. Nf3 Nf6 5. Bg5 dxc4 6. e4 b5 7. a4 c6 8. Qc2 Nbd7 9. e5 h6 10. exf6 hxg5 11. fxg7 Rg8 12. axb5 cxb5 13. Qe4 Nb6 14. Qh7 Ke7 15. Be2 Bb7 16. 0-0 Bxc3 17. bxc3 Nd5 18. Ne5 Nxc3 19. Bh5 Qxd4 20. Bxf7 Qxe5 21. Bxg8 Be4 22. Qh8 Qd4 23. Rae1 b4 24. Kh1 b3 25. f3 Bd3 26. Rxe6+ Kd7 27. Rfe1 Ne2 28. R6xe2 Bxe2 29. Be6+ Kxe6 30. Qxa8 Qxg7 31. Rxe2+ Kd6 32. Qb8+ Kc5 33. Re5+ Kd4 34. Qd6+ Kc3 35. Re3+ 1-0

[Event "BL2-Ost 1819"]
[Site "Germany"]
[Date "2019.03.24"]
[Round "10.1"]
[White "Kuraszkiewicz, Michael"]
[Black "Hess, Max"]
[Result "1-0"]
[WhiteElo "2316"]
[BlackElo "2334"]
[PlyCount "85"]
[EventDate "2018.11.10"]
[EventType "team-tourn"]
[EventRounds "10"]
[EventCountry "GER"]
[SourceTitle "CBM 190 Extra"]
[Source "ChessBase"]
[SourceDate "2019.07.15"]
[SourceVersion "1"]
[SourceVersionDate "2019.07.15"]
[SourceQuality "1"]
[WhiteTeam "Plauen Koenig"]
[BlackTeam "Garching"]
[WhiteTeamCountry "GER"]
[BlackTeamCountry "GER"]

1. d4 Nf6 2. c4 g6 3. Nc3 Bg7 4. e4 d6 5. h3 0-0 6. Bg5 c5 7. d5 e6 8. Bd3 exd5 9. exd5 Nbd7 10. Nf3 Re8+ 11. Kf1 Ne5 12. Nxe5 Rxe5 13. Bf4 Re8 14. g4 Nd7 15. Kg2 Ne5 16. Re1 h5 17. Be2 g5 18. Be3 hxg4 19. hxg4 f5 20. gxf5 Bxf5 21. Rh1 Qf6 22. Qd2 g4 23. Rag1 g3 24. f3 Ng6 25. Kxg3 Rxe3 26. Qxe3 Qf7 27. Qg5 Bd4 28. Rh5 Rf8 29. Re1 Qg7 30. Kh2 Be5+ 31. Kh1 Bf4 32. Qg2 Rf6 33. Ne4 Bxe4 34. fxe4 Kf7 35. Bg4 Be5 36. Rf1 Rxf1+ 37. Qxf1+ Nf4 38. Qf3 Ke7 39. Rh4 Kd8 40. Bf5 Qf6 41. Rh7 Ng6 42. Rd7+ Ke8 43. Qh5 1-0

[Event "BL2-Ost 1819"]
[Site "Germany"]
[Date "2019.02.23"]
[Round "7.1"]
[White "Kuraszkiewicz, Michael"]
[Black "Georgiadis, Nico"]
[Result "0-1"]
[WhiteElo "2316"]
[BlackElo "2525"]
[PlyCount "176"]
[EventDate "2018.11.10"]
[EventType "team-tourn"]
[EventRounds "10"]
[EventCountry "GER"]
[SourceTitle "CBM 190 Extra"]
[Source "ChessBase"]
[SourceDate "2019.07.15"]
[SourceVersion "1"]
[SourceVersionDate "2019.07.15"]
[SourceQuality "1"]
[WhiteTeam "Plauen Koenig"]
[BlackTeam "Muenchen Bayern"]
[WhiteTeamCountry "GER"]
[BlackTeamCountry "GER"]

1. d4 d5 2. c4 e6 3. Nc3 Bb4 4. Nf3 Nf6 5. cxd5 exd5 6. Bg5 h6 7. Bxf6 Qxf6 8. Qb3 Qb6 9. e3 c6 10. Bd3 0-0 11. 0-0 Bd6 12. Qc2 Re8 13. h3 Qd8 14. e4 dxe4 15. Nxe4 Be6 16. Rfe1 Bb4 17. Re2 Nd7 18. a3 Qa5 19. Rc1 Bf8 20. Rce1 Rad8 21. Re3 Bd5 22. Qe2 Qb6 23. Bc4 Re6 24. Bxd5 cxd5 25. Nc3 Rxe3 26. fxe3 Nf6 27. Ne5 a6 28. Rf1 Qe6 29. Qf3 Bd6 30. Nd3 Re8 31. Re1 Ne4 32. Nf2 Nxc3 33. bxc3 Bxa3 34. e4 Be7 35. e5 Rc8 36. Re3 a5 37. Ng4 a4 38. Nf6+ Bxf6 39. exf6 Qxf6 40. Qxd5 a3 41. Qxb7 Qd8 42. Rf3 Rc7 43. Qb3 Qa8 44. Qa2 Qa7 45. Kh1 Re7 46. Rf1 Re3 47. Qc4 a2 48. Ra1 Qb7 49. Rxa2 Rxh3+ 50. Kg1 Qb1+ 51. Kf2 Rh1 52. Qc8+ Kh7 53. Re2 Rf1+ 54. Ke3 f5 55. g3 Qc1+ 56. Rd2 Qe1+ 57. Re2 Qxg3+ 58. Kd2 Qg5+ 59. Kd3 Rf3+ 60. Kc2 Qg1 61. Qc6 Rf1 62. Rg2 Rf2+ 63. Rxf2 Qxf2+ 64. Kb3 Qe3 65. d5 f4 66. d6 f3 67. d7 f2 68. Qb5 Qe6+ 69. Kb2 f1Q 70. Qxf1 Qxd7 71. c4 h5 72. Qf4 Kg6 73. Qe4+ Qf5 74. Qe8+ Kg5 75. Qe3+ Qf4 76. Qg1+ Kf6 77. Qb6+ Kf5 78. c5 Qd4+ 79. Kb3 h4 80. Qc7 h3 81. c6 h2 82. Qc8+ Kg5 83. c7 Qe3+ 84. Kb4 Qe7+ 85. Ka5 h1Q 86. Qd8 Qhe1+ 87. Ka6 Q1e6+ 88. Kb5 Q6d7+ 0-1

[Event "BL2-Ost 1819"]
[Site "Germany"]
[Date "2019.02.02"]
[Round "5.3"]
[White "Cech, Pavel"]
[Black "Kuraszkiewicz, Michael"]
[Result "1/2-1/2"]
[WhiteElo "2327"]
[BlackElo "2316"]
[PlyCount "85"]
[EventDate "2018.11.10"]
[EventType "team-tourn"]
[EventRounds "10"]
[EventCountry "GER"]
[SourceTitle "CBM 190 Extra"]
[Source "ChessBase"]
[SourceDate "2019.07.15"]
[SourceVersion "1"]
[SourceVersionDate "2019.07.15"]
[SourceQuality "1"]
[WhiteTeam "Bindlach"]
[BlackTeam "Plauen Koenig"]
[WhiteTeamCountry "GER"]
[BlackTeamCountry "GER"]

1. e4 c5 2. Nf3 Nc6 3. Bb5 d6 4. 0-0 Bd7 5. c3 Nf6 6. d4 a6 7. Bxc6 Bxc6 8. d5 Bd7 9. e5 dxe5 10. Nxe5 Bf5 11. c4 g6 12. Nc3 Bg7 13. Re1 0-0 14. h3 Rc8 15. Qb3 Rc7 16. Bf4 Ne8 17. Ng4 Bxg4 18. Bxc7 Qxc7 19. hxg4 Nf6 20. Qd1 h5 21. gxh5 Qf4 22. g3 Qxc4 23. hxg6 Qb4 24. gxf7+ Rxf7 25. Qe2 Nd7 26. a3 Qb6 27. Ne4 Ne5 28. Ng5 Rf5 29. Ne6 Nf3+ 30. Kg2 Nxe1+ 31. Rxe1 Qxb2 32. Nxg7 Qxg7 33. Rh1 Qe5 34. Qg4+ Kf7 35. Rh7+ Ke8 36. Rh8+ Kd7 37. Rf8 Qxd5+ 38. Kg1 e6 39. Qg7+ Kc6 40. Rc8+ Kb6 41. Qc7+ Ka7 42. Qb8+ Kb6 43. Qc7+ 1/2-1/2

[Event "Oberliga Ost-A 1718"]
[Site "Germany"]
[Date "2018.04.15"]
[Round "11.1"]
[White "Kuraszkiewicz, Michael"]
[Black "Zwahr, Paul"]
[Result "1-0"]
[WhiteElo "2303"]
[BlackElo "2306"]
[PlyCount "109"]
[EventDate "2017.10.22"]
[EventType "team-tourn"]
[EventRounds "11"]
[EventCountry "GER"]
[SourceTitle "EXT 2019"]
[Source "ChessBase"]
[SourceDate "2018.10.10"]
[SourceVersion "1"]
[SourceVersionDate "2018.10.10"]
[SourceQuality "1"]
[WhiteTeam "Plauen Koenig"]
[BlackTeam "Dresden Gruen Weiss"]
[WhiteTeamCountry "GER"]
[BlackTeamCountry "GER"]

1. d4 Nf6 2. c4 g6 3. g3 Bg7 4. Bg2 0-0 5. Nf3 d6 6. 0-0 Nc6 7. Nc3 a6 8. b3 Rb8 9. d5 Na5 10. Bg5 c5 11. dxc6 Nxc6 12. Rc1 h6 13. Bd2 Be6 14. Ne1 Kh7 15. Nd3 Bd7 16. c5 Ne5 17. Nxe5 dxe5 18. b4 Qc7 19. Nd5 Nxd5 20. Bxd5 Rbd8 21. Qb3 Bb5 22. Bc3 Bxe2 23. Rfe1 Bg4 24. Bxf7 Rd3 25. Be6 Bf3 26. Bc4 Qd7 27. Bxd3 Qxd3 28. Bxe5 Qf5 29. Rc3 Bc6 30. f4 Rd8 31. Qc2 Qd7 32. Rc4 Qd5 33. Rce4 Bxe5 34. fxe5 Rf8 35. Qc4 Qd2 36. R4e2 Qg5 37. Rf2 Rxf2 38. Kxf2 Kg7 39. Qf4 Qh5 40. Kg1 Qh3 41. Qf2 Qe6 42. Rf1 g5 43. h4 gxh4 44. gxh4 Qxe5 45. Qf7+ Kh8 46. Qf8+ Kh7 47. Rf7+ Kg6 48. h5+ Kg5 49. Qxe7+ Qxe7 50. Rxe7 Kxh5 51. Rg7 Kh4 52. Kh2 h5 53. a4 Bxa4 54. Rxb7 Kg5 55. Rb6 1-0

[Event "Oberliga Ost-A 1718"]
[Site "Germany"]
[Date "2018.02.04"]
[Round "7.3"]
[White "Weitzer, Steffen"]
[Black "Kuraszkiewicz, Michael"]
[Result "1/2-1/2"]
[WhiteElo "2236"]
[BlackElo "2303"]
[PlyCount "25"]
[EventDate "2017.10.22"]
[EventType "team-tourn"]
[EventRounds "11"]
[EventCountry "GER"]
[SourceTitle "EXT 2019"]
[Source "ChessBase"]
[SourceDate "2018.10.10"]
[SourceVersion "1"]
[SourceVersionDate "2018.10.10"]
[SourceQuality "1"]
[WhiteTeam "Leipzig SG II"]
[BlackTeam "Plauen Koenig"]
[WhiteTeamCountry "GER"]
[BlackTeamCountry "GER"]

1. d4 Nf6 2. Nf3 d5 3. Bf4 c5 4. e3 e6 5. Nbd2 Be7 6. h3 0-0 7. c3 b6 8. Ne5 Bd6 9. Bg5 Nbd7 10. f4 Bb7 11. Bd3 Be7 12. 0-0 Ne4 13. Bxe7 1/2-1/2

[Event "BL2-Ost 1617"]
[Site "Germany"]
[Date "2017.02.19"]
[Round "8.6"]
[White "Kuraszkiewicz, Michael"]
[Black "Offinger, Robert"]
[Result "1/2-1/2"]
[WhiteElo "2296"]
[BlackElo "2194"]
[PlyCount "81"]
[EventDate "2016.10.14"]
[EventType "team-tourn"]
[EventRounds "10"]
[EventCountry "GER"]
[SourceTitle "CBM 177 Extra"]
[Source "ChessBase"]
[SourceDate "2017.04.27"]
[SourceVersion "1"]
[SourceVersionDate "2017.04.27"]
[SourceQuality "1"]
[WhiteTeam "Koenig Plauen"]
[BlackTeam "Passau"]
[WhiteTeamCountry "GER"]
[BlackTeamCountry "GER"]

1. d4 d5 2. c4 c6 3. cxd5 cxd5 4. Nc3 Nf6 5. Bf4 Nc6 6. e3 a6 7. Rc1 e6 8. Bd3 Bd6 9. Bxd6 Qxd6 10. f4 b5 11. Nf3 Bb7 12. 0-0 Rc8 13. Ne5 0-0 14. Qe1 Nb4 15. Bb1 Ne4 16. Nxe4 dxe4 17. a3 Rxc1 18. Qxc1 f6 19. axb4 fxe5 20. Qc5 Qd5 21. dxe5 Rc8 22. Qe7 Ba8 23. Bxe4 Qb3 24. Bxa8 Rxa8 25. e4 Kh8 26. Qc5 Qxb2 27. f5 exf5 28. exf5 Qe2 29. f6 gxf6 30. exf6 Rg8 31. Qf2 Qxf2+ 32. Kxf2 Rg4 33. Kf3 Rxb4 34. Rd1 Kg8 35. Rd7 Rb3+ 36. Kf4 Rb2 37. g4 Rxh2 38. Kg5 b4 39. Rb7 a5 40. Rb8+ Kf7 41. Rb7+ 1/2-1/2

[Event "BL2-Ost 1617"]
[Site "Germany"]
[Date "2017.02.18"]
[Round "7.6"]
[White "Schmitz, Thorsten"]
[Black "Kuraszkiewicz, Michael"]
[Result "1-0"]
[WhiteElo "2308"]
[BlackElo "2296"]
[PlyCount "81"]
[EventDate "2016.10.14"]
[EventType "team-tourn"]
[EventRounds "10"]
[EventCountry "GER"]
[SourceTitle "CBM 177 Extra"]
[Source "ChessBase"]
[SourceDate "2017.04.27"]
[SourceVersion "1"]
[SourceVersionDate "2017.04.27"]
[SourceQuality "1"]
[WhiteTeam "Garching"]
[BlackTeam "Koenig Plauen"]
[WhiteTeamCountry "GER"]
[BlackTeamCountry "GER"]

1. e4 e5 2. Nf3 Nc6 3. d4 exd4 4. Bc4 Nf6 5. e5 d5 6. Bb5 Ne4 7. Nxd4 Bc5 8. Be3 0-0 9. Nxc6 bxc6 10. Bxc5 Nxc5 11. Bxc6 Rb8 12. 0-0 Rxb2 13. Bxd5 Qe7 14. Na3 Ba6 15. Re1 Ne6 16. Nc4 Bxc4 17. Bxc4 Rd8 18. Qc1 Rb4 19. Bb3 Rbd4 20. Qe3 Nc5 21. Qf3 h6 22. g3 a5 23. a4 Rd2 24. Re3 Ne6 25. h4 c5 26. c3 Rb2 27. Bxe6 Qxe6 28. Rd1 Rf8 29. Qd5 Qg4 30. Rf3 Rb6 31. Re1 Re6 32. Rf4 Qh3 33. Qxc5 g5 34. Rd4 Rg6 35. Qe7 gxh4 36. Qxh4 Qc8 37. Re3 Qb7 38. Qe4 Qb3 39. Qd5 Qb1+ 40. Kg2 Re8 41. Rf3 1-0

[Event "Oberliga Ost-A 1516"]
[Site "Germany"]
[Date "2016.04.10"]
[Round "11.5"]
[White "Braeuer, Felix"]
[Black "Kuraszkiewicz, Michael"]
[Result "1/2-1/2"]
[WhiteElo "2183"]
[BlackElo "2323"]
[PlyCount "48"]
[EventDate "2015.09.20"]
[EventType "team-tourn"]
[EventRounds "11"]
[EventCountry "GER"]
[SourceTitle "EXT 2017"]
[Source "ChessBase"]
[SourceDate "2016.10.25"]
[SourceVersion "1"]
[SourceVersionDate "2016.10.25"]
[SourceQuality "1"]
[WhiteTeam "Bannewitz"]
[BlackTeam "Plauen Koenig"]
[WhiteTeamCountry "GER"]
[BlackTeamCountry "GER"]

1. e4 e6 2. d4 d5 3. Nd2 Nf6 4. e5 Nfd7 5. Bd3 c5 6. c3 b6 7. Ngf3 Ba6 8. Bxa6 Nxa6 9. Qe2 Nc7 10. 0-0 c4 11. b3 b5 12. a4 a6 13. Ba3 Bxa3 14. Rxa3 Qe7 15. Rfa1 0-0 16. axb5 axb5 17. Rxa8 Rxa8 18. Rxa8+ Nxa8 19. Nb1 Nab6 20. Qb2 h6 21. h3 Qf8 22. Qa2 Qa8 23. Qxa8+ Nxa8 24. b4 Nc7 1/2-1/2

[Event "Oberliga Ost-A 1415"]
[Site "Germany"]
[Date "2015.01.17"]
[Round "6.2"]
[White "Schenk, Alexander"]
[Black "Kuraszkiewicz, Michael"]
[Result "1/2-1/2"]
[WhiteElo "2152"]
[BlackElo "2322"]
[PlyCount "39"]
[EventDate "2014.09.21"]
[EventType "team-tourn"]
[EventRounds "11"]
[EventCountry "GER"]
[SourceTitle "EXT 2016"]
[Source "ChessBase"]
[SourceDate "2015.10.08"]
[SourceVersion "1"]
[SourceVersionDate "2015.10.08"]
[SourceQuality "1"]
[WhiteTeam "Chemnitz USG"]
[BlackTeam "Plauen Koenig"]
[WhiteTeamCountry "GER"]
[BlackTeamCountry "GER"]

1. d4 Nf6 2. c4 g6 3. Nc3 Bg7 4. e4 d6 5. Nf3 0-0 6. Be2 e5 7. d5 a5 8. 0-0 Na6 9. Qc2 Bd7 10. a3 Nc5 11. b3 a4 12. Nd2 axb3 13. Nxb3 Na4 14. Nb5 b6 15. Bd2 Ne8 16. f3 f5 17. Na5 Nc5 18. Nb3 Na4 19. Na5 Nc5 20. Nb3 1/2-1/2

[Event "Oberliga Ost-A 1415"]
[Site "Germany"]
[Date "2014.11.09"]
[Round "4.2"]
[White "Kuraszkiewicz, Michael"]
[Black "Proehl, Holger"]
[Result "1-0"]
[WhiteElo "2322"]
[BlackElo "2393"]
[PlyCount "45"]
[EventDate "2014.09.21"]
[EventType "team-tourn"]
[EventRounds "11"]
[EventCountry "GER"]
[SourceTitle "EXT 2016"]
[Source "ChessBase"]
[SourceDate "2015.10.08"]
[SourceVersion "1"]
[SourceVersionDate "2015.10.08"]
[SourceQuality "1"]
[WhiteTeam "Plauen Koenig"]
[BlackTeam "Loeberitz"]
[WhiteTeamCountry "GER"]
[BlackTeamCountry "GER"]

1. d4 b6 2. c4 Bb7 3. Nf3 e6 4. g3 Nf6 5. Bg2 c5 6. d5 g6 7. Nc3 Bg7 8. e4 0-0 9. 0-0 Ne8 10. e5 Qc8 11. Re1 a6 12. a4 exd5 13. Nxd5 Bxd5 14. cxd5 d6 15. e6 fxe6 16. dxe6 Nc6 17. e7 Rf5 18. Nh4 Nd4 19. Nxf5 gxf5 20. Be3 Rb8 21. Bd5+ Kh8 22. Bxd4 Bxd4 23. Be6 1-0

[Event "Oberliga Ost-A 1415"]
[Site "Germany"]
[Date "2014.10.18"]
[Round "2.3"]
[White "Kuraszkiewicz, Michael"]
[Black "Jaeger, Dominik"]
[Result "1-0"]
[WhiteElo "2322"]
[BlackElo "2171"]
[PlyCount "101"]
[EventDate "2014.09.21"]
[EventType "team-tourn"]
[EventRounds "11"]
[EventCountry "GER"]
[SourceTitle "EXT 2016"]
[Source "ChessBase"]
[SourceDate "2015.10.08"]
[SourceVersion "1"]
[SourceVersionDate "2015.10.08"]
[SourceQuality "1"]
[WhiteTeam "Plauen Koenig"]
[BlackTeam "Magdeburg Rochade"]
[WhiteTeamCountry "GER"]
[BlackTeamCountry "GER"]

1. d4 Nf6 2. c4 e6 3. Nc3 Bb4 4. e3 0-0 5. Nge2 c5 6. a3 Bxc3+ 7. Nxc3 d6 8. d5 exd5 9. cxd5 Re8 10. Bd3 Nbd7 11. 0-0 Ne5 12. Be2 Bd7 13. f3 Qe7 14. e4 Ng6 15. Be3 a6 16. a4 b5 17. axb5 axb5 18. Rxa8 Rxa8 19. b4 cxb4 20. Nxb5 Ra5 21. Nc7 Ra2 22. Bc4 Ba4 23. Qd4 Rc2 24. Na8 Ne5 25. Ba6 Rc3 26. Re1 Be8 27. Kh1 Ra3 28. Ra1 Qd8 29. Nb6 Rxa1+ 30. Qxa1 Nfd7 31. Nxd7 Bxd7 32. Be2 h6 33. Bd4 Qb8 34. f4 Ng6 35. Bxg7 Kh7 36. Bd4 Qe8 37. f5 Ne5 38. Qb2 Bb5 39. Bxe5 Bxe2 40. Bxd6 Qxe4 41. Bf8 f6 42. h3 Qe3 43. Qxb4 Qg5 44. d6 Qc1+ 45. Kh2 Qc8 46. d7 Qxd7 47. Qf4 Kg8 48. Bxh6 Bd3 49. Qg3+ Kh8 50. Bg7+ Kh7 51. Qg6+ 1-0